3-D Multiple Choice II Quiz Stats

 Plays Quiz Updated Jan 14, 2018

Score 0/21 Timer 06:00
6 Plays Today
Question Answer Wrong Answers
*MOVIES*
Rebel Without A Cause actor
James ____
Dean
96%
Deans
0.4%
Dawson
1.2%
Deen
2.3%
*GAMING*
Fantasy tabletop role-playing game:
________ & Dragons
Dungeons
95.3%
Daggers
0.4%
Diamonds
0.3%
Drogons
0.3%
*HISTORY*
A sequence of rulers from the same family
in countries such as China
Dynasty
94%
Demiurge
0.4%
Delineage
0.8%
Dowry
0.5%
*HISTORY*
Historical term referring to Europe from
approximately 476 AD to 800 AD
Dark Ages
92.5%
Dawn of Faith
1%
Democracy Era
0.8%
Dark Epoch
1.5%
*SPORTS*
A score of 40 all
in a tennis match
Deuce
90%
Doux
1%
Deaux
2%
Draw
4.8%
*LITERATURE*
Oscar Wilde’s 1890 philosophical novel:
'The Picture of ______ Gray'
Dorian
89.5%
Darius
2.9%
Darren
1.3%
Damian
3.4%
*SPORTS*
Place used for training in
Japanese martial arts
Dojo
88.6%
Duanxu
1.9%
Daewoo
4.2%
Daihatsu
3.4%
*LITERATURE*
The first name of Harry Potter's classmate
nemesis at Hogwarts
Draco
80.7%
Dudley
6.8%
Dobby
7.5%
Diogenes
1.9%
*MOVIES*
2001 psychological horror-science fiction drama
starring Jake Gyllenhaal
Donnie Darko
77.8%
Dangerous Minds
11.1%
Dark Blue
2.7%
Dark Shadows
7.4%
*MUSIC*
American alternative rock band:
_____ Cab For Cutie
Death
76.9%
Dark
6.8%
Dance
5.6%
Drunk
7.2%
*GAMING*
Arcade game first released in 1998:
_____ _____ Revolution
Dance Dance
73.6%
Double Dance
5.7%
Double Dragon
9.4%
Dragon Destroyer
7.2%
*MUSIC*
Everly Brothers 1958 hit song:
‘All I Have To Do Is _____’
Dream
73.2%
Dance
22.2%
Drink
1.1%
Defer
0.2%
*MUSIC*
Composer of ‘Clair de Lune’ and
‘Prelude to the Afternoon of a Faun’
Debussy
71.1%
Denza
3.2%
Dussek
5.1%
Dvorák
16.8%
*MOVIES*
Last name of Fight Club protagonist 'Tyler'
portrayed by Brad Pitt
Durden
68.5%
Dawkins
15.3%
Doloroso
3.4%
Dryden
11.1%
*RELIGION*
Biblical character who survived
being thrown to the lions
Daniel
67.5%
Delilah
4.4%
David
22.9%
Deborah
0.9%
*GAMING*
2-player strategy board game using disc-shaped pieces
(also known as ‘Checkers’)
Draughts
64.6%
Doubles
19.3%
Dimes
7.8%
Downfall
4.3%
*SPORTS*
Last name of two baseball players named Tom:
one Canadian catcher and one American infielder
Daly
60.2%
Danson
18.6%
Defoe
13.6%
Dolly
4.8%
*RELIGION*
In Hinduism & Buddhism, the basic principles
of cosmic or individual existence; divine law*
Dharma
58.4%
Durga
2.9%
Dogma
32.9%
Delta
1.2%
*LITERATURE*
First name of English novelist
D.H. Lawrence
David
56.7%
Donald
15.5%
Damian
14.9%
Denis
9.7%
*RELIGION*
Unitarian faith which broke away from Islam
during the 11th century CE (concentrated in Lebanon)
Druze
26.9%
Deism
39%
Dharma
8.5%
Davidism
21%
*HISTORY*
1518 epidemic in Strasbourg lasting about 1 month:
_______ Plague
Dancing
21.1%
Demonic
39%
Dengue
32.5%
Doggerel
3.1%

You're not logged in!

Compare scores with friends on all Sporcle quizzes.
OR
Log In

You Might Also Like...

Show Comments

Extras

Top Quizzes Today


Score Distribution

Your Account Isn't Verified!

In order to create a playlist on Sporcle, you need to verify the email address you used during registration. Go to your Sporcle Settings to finish the process.

Report this User

Report this user for behavior that violates our Community Guidelines.

Details: